| Tag |
First Indicator |
Second Indicator |
Subfields |
| LEADER |
00000cam a22000001 4500 |
| 001 |
in00000064525 |
| 005 |
20230801143707.0 |
| 008 |
810815s1956 mdu 000 0 eng |
| 010 |
|
|
|a 56011412
|
| 016 |
7 |
|
|a 27710760R
|2 DNLM
|
| 019 |
|
|
|a 1159711
|
| 029 |
0 |
|
|a NLM
|b 27710760R
|
| 029 |
1 |
|
|a AU@
|b 000026991333
|
| 029 |
1 |
|
|a NLGGC
|b 148535089
|
| 035 |
|
|
|a (OCoLC)ocm14651863
|
| 035 |
|
|
|a (OCoLC)14651863
|z (OCoLC)1159711
|
| 035 |
|
|
|a (OCoLC)ocm14651863
|
| 040 |
|
|
|a NLM
|b eng
|c NLM
|d IVD
|d MQM
|d CGC
|d UPM
|d OCLCF
|d OCLCQ
|d OCLCO
|d OCLCQ
|d QGE
|d OCLCQ
|d OCLCA
|d OCLCO
|
| 050 |
0 |
4 |
|a R724
|b .O3
|
| 060 |
0 |
0 |
|a W 50
|b O26m 1955
|
| 082 |
0 |
|
|a 610.69
|a 174.2
|
| 100 |
1 |
|
|a O'Donnell, Thomas J.
|q (Thomas Joseph),
|d 1918-
|
| 245 |
1 |
0 |
|a Morals in medicine.
|
| 260 |
|
|
|a Westminster, Md.,
|b Newman,
|c 1956 [©1955]
|
| 300 |
|
|
|a xvii, 281 pages
|
| 336 |
|
|
|a text
|b txt
|2 rdacontent
|
| 337 |
|
|
|a unmediated
|b n
|2 rdamedia
|
| 338 |
|
|
|a volume
|b nc
|2 rdacarrier
|
| 650 |
|
0 |
|a Medical ethics.
|
| 650 |
|
0 |
|a Christian ethics
|x Catholic authors.
|
| 650 |
|
2 |
|a Ethics, Medical
|
| 650 |
|
6 |
|a Éthique médicale.
|
| 650 |
|
6 |
|a Morale chrétienne
|x Auteurs catholiques.
|
| 650 |
|
7 |
|a Christian ethics
|x Catholic authors.
|2 fast
|0 (OCoLC)fst00859110
|
| 650 |
|
7 |
|a Medical ethics.
|2 fast
|0 (OCoLC)fst01014081
|
| 948 |
|
|
|h HELD BY TXA - 116 OTHER HOLDINGS
|
| 994 |
|
|
|a Z0
|b TXA
|
| 999 |
f |
f |
|s 51ec066a-9b77-3d33-bb43-de5d4ffe9903
|i c16cab4f-94fb-3593-a150-5ac6c353e51e
|t 0
|
| 952 |
f |
f |
|p ric
|a Texas A&M University
|b Rellis Campus
|c Joint Library Facility
|s JLF
|d Remote Storage
|t 0
|e R724 .O3
|h Library of Congress classification
|i unmediated -- volume
|m A14800536066
|